000 00333 a2200157 4500
001 76040
020 _a9788532429409
040 _cAnchieta - Colégio São Paulo
100 _aFalcão, Erica
240 1 0 _aLeuriaton
_lpor
245 1 0 _aLeuriaton
300 _a256
362 0 _a2018
650 4 _aLiteratura juvenil
942 _cBK
999 _c76040
_d76040